Lo indispensable es inútil : (Record no. 221)
[ view plain ]
| 000 -LEADER | |
|---|---|
| campo de control de longitud fija | 01248cam a22003015i 4500 |
| 001 - NÚMERO DE CONTROL | |
| campo de control | 17910822 |
| 003 - IDENTIFICADOR DE NÚMERO DE CONTROL | |
| campo de control | MLKCFBGHYT |
| 005 - FECHA Y HORA DE LA ÚLTIMA TRANSACCIÓN | |
| campo de control | 20220326193255.0 |
| 008 - DATOS DE LONGITUD FIJA--INFORMACIÓN GENERAL | |
| campo de control de longitud fija | 131011s2012 cr 000 0 spa |
| 010 ## - NÚMERO DE CONTROL DE LA BIBLIOTECA DEL CONGRESO | |
| Número de control de LC | 2013374792 |
| 020 ## - NÚMERO INTERNACIONAL ESTÁNDAR DEL LIBRO | |
| Número Internacional Estándar del Libro | 9789968681001 |
| 035 ## - NÚMERO DE CONTROL DEL SISTEMA | |
| Número de control de sistema | (NcChVT)VT132CR297 |
| 040 ## - FUENTE DE CATALOGACIÓN | |
| Centro catalogador/agencia de origen | DLC |
| Lengua de catalogación | eng |
| Centro/agencia transcriptor | DLC |
| Normas de descripción | rda |
| 082 ## - NÚMERO DE LA CLASIFICACIÓN DECIMAL DEWEY | |
| Número de clasificación | 330.01 |
| Número de ítem | H663i |
| 100 1# - ENTRADA PRINCIPAL--NOMBRE DE PERSONA | |
| Nombre de persona | Hinkelammert, Franz. |
| 9 (RLIN) | 1027 |
| 245 10 - MENCIÓN DEL TÍTULO | |
| Título | Lo indispensable es inútil : |
| Resto del título | hacia una espiritualidad de la liberación / |
| Mención de responsabilidad, etc. | Franz Hinkelammert. |
| 250 ## - MENCION DE EDICION | |
| Mención de edición | 1a ed. |
| 264 #1 - PRODUCCIÓN, PUBLICACIÓN, DISTRIBUCIÓN, FABRICACIÓN Y COPYRIGHT | |
| Producción, publicación, distribución, fabricación y copyright | San José : |
| Nombre del de productor, editor, distribuidor, fabricante | Editorial Arlekín, |
| Fecha de producción, publicación, distribución, fabricación o copyright | 2012. |
| 300 ## - DESCRIPCIÓN FÍSICA | |
| Extensión | 212 pages ; |
| Dimensiones | 21 cm |
| Otras características físicas | ill |
| 336 ## - TIPO DE CONTENIDO | |
| Término de tipo de contenido | text |
| Fuente | rdacontent |
| 337 ## - TIPO DE MEDIO | |
| Nombre/término del tipo de medio | unmediated |
| Fuente | rdamedia |
| 338 ## - TIPO DE SOPORTE | |
| Nombre/término del tipo de soporte | volume |
| Fuente | rdacarrier |
| 520 ## - RESUMEN, ETC. | |
| Sumario, etc. | An anthology of interviews with the noted regional intellectual, scholar and consistent proponent of liberation theology. The interviews range from 2007 through 2012 and include Hinkelammert's analysis of globalization as the banalization of the world. |
| 650 ## - PUNTO DE ACCESO ADICIONAL DE MATERIA--TÉRMINO DE MATERIA | |
| Subdivisión general | economia-aspectos eticos y morales |
| -- | globalizacion |
| -- | neoliberalismo |
| -- | derechos humanos |
| -- | teologia de la liberacion |
| 9 (RLIN) | 1028 |
| 700 ## - ENTRADA AGREGADA--NOMBRE PERSONAL | |
| Nombre de persona | Franz Hinkelammert |
| 9 (RLIN) | 1029 |
| 906 ## - ELEMENTOS DE DATOS F LOCAL, LDF (RLIN) | |
| a | 0 |
| b | ibc |
| c | origres |
| d | 2 |
| e | ncip |
| f | 20 |
| g | y-gencatlg |
| Estatus retirado | Estado de pérdida | Fuente del sistema de clasificación o colocación | Estado de daño | No para préstamo | Biblioteca de origen | Biblioteca actual | Ubicación en estantería | Fecha de adquisición | Total de préstamos | Signatura topográfica completa | Código de barras | Visto por última vez | Precio de reemplazo | Tipo de ítem Koha |
|---|---|---|---|---|---|---|---|---|---|---|---|---|---|---|
| Clasificación Decimal Dewey | Biblioteca LadoV | Biblioteca LadoV | 13/06/2014 | 330.01 H663i | 000256 | 13/06/2014 | 13/06/2014 | Material 01 |
